[Event "XXIX Miedzynarodowy Festiwal Szachowy CRACOVIA-2018 Grupa A"]
[Site "Krakow, Hotel Galaxy, ul. Gesia 22a"]
[Date "2019.??.04"]
[Round "9.59"]
[White "Lomakin, Viktor"]
[Black "Seemann, Jakub"]
[Result "1-0"]
[WhiteElo "2106"]
[BlackElo "1907"]
[PlyCount "105"]
[EventDate "2019.??.??"]

1. d4 Nf6 2. c4 g6 3. Nc3 Bg7 4. e4 d6 5. Nge2 O-O 6. Ng3 a6 7. a4 c5 8. d5 e6
9. Be2 exd5 10. exd5 Re8 11. O-O b6 12. Bf4 Ra7 13. Qd2 Rae7 14. h3 Qc7 15. Bg5
Nbd7 16. Qf4 Re5 17. Qh4 h5 18. f4 Re3 19. f5 Nh7 20. Bxe3 Rxe3 21. Nge4 Ndf8
22. fxg6 fxg6 23. Rf3 Rxf3 24. Bxf3 Be5 25. Rf1 Qf7 26. Be2 Qg7 27. Kh1 Bf5 28.
Bd3 Nd7 29. g4 hxg4 30. hxg4 g5 31. Qh3 Bg6 32. Nf2 Bxc3 33. Bxg6 Qxg6 34. Qxc3
Ne5 35. Kg2 Nf6 36. Re1 Nexg4 37. Nxg4 Nxg4 38. Re6 Qf5 39. Qf3 Qxf3+ 40. Kxf3
Ne5+ 41. Ke2 Nxc4 42. b3 Na5 43. Rxd6 Nxb3 44. Rxb6 c4 45. Rc6 Kf7 46. Rxc4 Ke7
47. Rb4 Nc5 48. Ke3 Kd6 49. Kd4 Nd7 50. a5 g4 51. Rb3 Ke7 52. Re3+ Kd8 53. Re6
1-0

[Event "XXIX Miedzynarodowy Festiwal Szachowy CRACOVIA-2018 Grupa A"]
[Site "Krakow, Hotel Galaxy, ul. Gesia 22a"]
[Date "2019.??.04"]
[Round "9.60"]
[White "Rasmussen, Jonas H"]
[Black "Jansen, Bob"]
[Result "0-1"]
[WhiteElo "1982"]
[BlackElo "2192"]
[PlyCount "94"]
[EventDate "2019.??.??"]

1. d4 Nf6 2. g3 c5 3. d5 e6 4. c4 exd5 5. cxd5 d6 6. Bg2 g6 7. e4 Bg7 8. Ne2
O-O 9. O-O Re8 10. Nec3 a6 11. a4 Nbd7 12. Na3 Rb8 13. Qc2 Nh5 14. Nc4 Ne5 15.
Nxe5 Bxe5 16. a5 f5 17. exf5 Bxf5 18. Be4 Bh3 19. Bg2 Qd7 20. Be3 Nf6 21. Rfd1
Bf5 22. Qb3 Ng4 23. Na4 Nxe3 24. fxe3 Qb5 25. Qxb5 axb5 26. Nc3 Bxc3 27. bxc3
Rxe3 28. Rdc1 Re2 29. Re1 Rxe1+ 30. Rxe1 Kf7 31. Bf1 c4 32. Re2 Ra8 33. Ra2 Be4
34. Bg2 Bxg2 35. Kxg2 Kf6 36. Re2 Rxa5 37. Re6+ Kf5 38. Rxd6 b4 39. cxb4 Rb5
40. Rd7 Rxb4 41. Rxh7 Ke5 42. Rg7 Kxd5 43. Rc7 Kd4 44. Kf2 Kd3 45. h4 c3 46.
Ke1 Rb1+ 47. Kf2 c2 0-1

[Event "XXIX Miedzynarodowy Festiwal Szachowy CRACOVIA-2018 Grupa A"]
[Site "Krakow, Hotel Galaxy, ul. Gesia 22a"]
[Date "2019.??.??"]
[Round "9.62"]
[White "Mirski, Michal"]
[Black "Swiech, Joanna"]
[Result "1-0"]
[WhiteElo "2011"]
[BlackElo "1965"]
[PlyCount "45"]
[EventDate "2019.??.??"]

1. e4 e5 2. Nf3 Nc6 3. d4 exd4 4. Nxd4 d6 5. c4 Nf6 6. Nc3 g6 7. Be2 Bg7 8. Be3
O-O 9. f3 Re8 10. Qd2 Be6 11. O-O-O Ne5 12. Nxe6 Rxe6 13. c5 Qb8 14. Kb1 dxc5
15. Bxc5 b6 16. Bd4 c5 17. Bxe5 Qxe5 18. f4 Qc7 19. e5 Nh5 20. Nd5 Qd8 21. Qc1
Qb8 22. g4 Nxf4 23. Nxf4 1-0

[Event "XXIX Miedzynarodowy Festiwal Szachowy CRACOVIA-2018 Grupa A"]
[Site "Krakow, Hotel Galaxy, ul. Gesia 22a"]
[Date "2019.??.04"]
[Round "9.63"]
[White "Hristodoulaki, Antonia"]
[Black "Hemmerling, Jaroslaw"]
[Result "1/2-1/2"]
[WhiteElo "2048"]
[BlackElo "1940"]
[PlyCount "104"]
[EventDate "2019.??.??"]

1. d4 d5 2. Bf4 Nf6 3. e3 e6 4. Nd2 Bd6 5. Bg3 Nbd7 6. Ngf3 Bxg3 7. hxg3 c5 8.
c3 Qc7 9. Bd3 e5 10. Nxe5 Nxe5 11. dxe5 Qxe5 12. Bb5+ Bd7 13. Bxd7+ Nxd7 14.
Rh5 f5 15. Nf3 Qe6 16. Ng5 Qc6 17. Qf3 g6 18. Rh4 Ne5 19. Qe2 O-O-O 20. O-O-O
h6 21. Nf3 Ng4 22. Kb1 Kb8 23. Nh2 Nf6 24. Qc2 Ne4 25. Nf3 Qf6 26. Rhh1 a6 27.
Rhf1 Rhe8 28. Nd2 Qc6 29. Nb3 Qb5 30. Rh1 h5 31. f3 Nf6 32. Rhe1 Qb6 33. Qf2
Rd6 34. Re2 Rde6 35. Rde1 Qb5 36. Kc2 Qc4 37. Kc1 a5 38. Kb1 a4 39. Nc1 R8e7
40. Rd1 Re8 41. Nd3 g5 42. Qg1 Qb5 43. Ree1 b6 44. Kc2 Qc6 45. Kd2 Qc7 46. Qf2
Qe7 47. Rb1 Kc7 48. b3 Qd7 49. Kc2 Qe7 50. Kd2 Qd7 51. Kc2 Qe7 52. Kd2 Qd7
1/2-1/2

[Event "XXIX Miedzynarodowy Festiwal Szachowy CRACOVIA-2018 Grupa A"]
[Site "Krakow, Hotel Galaxy, ul. Gesia 22a"]
[Date "2019.??.04"]
[Round "9.67"]
[White "Hetzer, Volkhard"]
[Black "Kulesza, Andrzej"]
[Result "1/2-1/2"]
[WhiteElo "1916"]
[BlackElo "1934"]
[PlyCount "107"]
[EventDate "2019.??.??"]

1. Nf3 Nf6 2. c4 e6 3. g3 d5 4. b3 b6 5. Bg2 Bb7 6. O-O Be7 7. Bb2 O-O 8. d3 c5
9. e3 Nbd7 10. Qe2 Qc7 11. Nc3 Rad8 12. Rac1 Qb8 13. cxd5 Nxd5 14. Nxd5 Bxd5
15. Rfd1 Qb7 16. e4 Bc6 17. Nd2 Qa6 18. a4 Ba8 19. Nc4 b5 20. axb5 Qxb5 21. Ra1
a6 22. Rdb1 Qb7 23. Ne3 Nb8 24. Qg4 g6 25. Qh3 Nd7 26. Ng4 h5 27. Nh6+ Kh7 28.
Nxf7 Rxf7 29. Qxe6 Rdf8 30. Rxa6 Nf6 31. Rb6 Qd7 32. Qxd7 Nxd7 33. Ra6 Bf6 34.
Bxf6 Nxf6 35. Ra5 Nd7 36. f4 Bc6 37. e5 Bxg2 38. Kxg2 Re7 39. Ra7 Rfe8 40. Rc1
Rg7 41. d4 Rc8 42. d5 Nb6 43. Rxg7+ Kxg7 44. d6 Kf7 45. Kf3 Ke6 46. Ke4 Nd7 47.
h3 Rb8 48. g4 hxg4 49. hxg4 Rb4+ 50. Rc4 Rxc4+ 51. bxc4 Nb6 52. f5+ gxf5+ 53.
gxf5+ Kd7 54. Kd3 1/2-1/2

[Event "XXIX Miedzynarodowy Festiwal Szachowy CRACOVIA-2018 Grupa B"]
[Site "Krakow, Hotel Galaxy, ul. Gesia 22a"]
[Date "2018.12.27"]
[Round "1.9"]
[White "Zechner, Andrea"]
[Black "Andronescu, Madalin"]
[Result "0-1"]
[WhiteElo "1859"]
[BlackElo "2070"]
[PlyCount "104"]
[EventDate "2018.??.??"]

1. d4 Nf6 2. c4 g6 3. Nc3 Bg7 4. e4 d6 5. Nf3 O-O 6. Be2 e5 7. d5 a5 8. Bg5 Na6
9. Nd2 h6 10. Bh4 Qe8 11. a3 Bd7 12. b3 h5 13. f3 Nh7 14. Bf2 Bh6 15. Bd3 Qe7
16. Bc2 h4 17. Rb1 Qg5 18. g4 Kh8 19. Nf1 Qe7 20. Ne3 Ng5 21. h3 Qf6 22. Kf1
Qxf3 23. Qxf3 Nxf3 24. Kg2 Nd4 25. Bd3 Nc5 26. Rhd1 Ncxb3 27. Nc2 b6 28. Bxh4
Nxc2 29. Bxc2 Nd2 30. Ra1 Nxc4 31. Kh1 f5 32. g5 Ne3 33. Rdc1 Nxc2 34. Rxc2 Bg7
35. Ne2 fxe4 36. Rxc7 Bxh3 37. Rb1 Rf1+ 38. Rxf1 Bxf1 39. Nc3 Bd3 40. Rc6 b5
41. Rxd6 b4 42. Na4 bxa3 43. Be1 Rf8 44. Kg2 a2 45. Bc3 Rf1 46. Nc5 Rc1 47.
Rd8+ Kh7 48. Rd7 Rxc3 49. Ne6 a1=Q 50. Rxg7+ Kh8 51. Rf7 Rc2+ 52. Kg3 Qg1+ 0-1

[Event "XXIX Miedzynarodowy Festiwal Szachowy CRACOVIA-2018 Grupa B"]
[Site "Krakow, Hotel Galaxy, ul. Gesia 22a"]
[Date "2018.12.27"]
[Round "1.10"]
[White "Nasirov, Ruslan"]
[Black "Zeliantsova, Kseniya"]
[Result "0-1"]
[WhiteElo "2062"]
[BlackElo "1858"]
[PlyCount "66"]
[EventDate "2018.??.??"]

1. e4 c5 2. Nc3 e6 3. f4 Nc6 4. Nf3 Nge7 5. Be2 g6 6. O-O Bg7 7. d3 O-O 8. Qe1
d5 9. Qh4 h6 10. f5 exf5 11. Bxh6 f6 12. exd5 Nxd5 13. Bd2 Be6 14. Rae1 Qd7 15.
Qg3 g5 16. Nxd5 Bxd5 17. Bc3 b5 18. b3 Rae8 19. Nd2 f4 20. Qf2 Re3 21. Ne4 Bxe4
22. dxe4 Rxc3 23. Bxb5 a6 24. Rd1 Qe6 25. Bc4 Rxc4 26. bxc4 Qxc4 27. Rd5 Nd4
28. Re1 Re8 29. Qf1 Qxc2 30. e5 fxe5 31. Rb1 f3 32. Rb7 Ne2+ 33. Kh1 fxg2+ 0-1

[Event "XXIX Miedzynarodowy Festiwal Szachowy CRACOVIA-2018 Grupa B"]
[Site "Krakow, Hotel Galaxy, ul. Gesia 22a"]
[Date "2018.12.27"]
[Round "1.11"]
[White "Buchta, Agnieszka"]
[Black "Patsia, Zviad"]
[Result "0-1"]
[WhiteElo "1856"]
[BlackElo "2058"]
[PlyCount "110"]
[EventDate "2018.??.??"]

1. e4 Nf6 2. e5 Nd5 3. c4 Nb6 4. c5 Nd5 5. Bc4 e6 6. d4 b6 7. Qf3 Bb7 8. Nc3
Nxc3 9. Qxb7 Nc6 10. bxc3 a6 11. cxb6 cxb6 12. Bg5 Be7 13. Bxe7 Kxe7 14. Rb1
Na5 15. Qxb6 Qxb6 16. Rxb6 Nxc4 17. Rb4 Rhc8 18. Ke2 Rab8 19. Nf3 Rxb4 20. cxb4
Na3 21. Rd1 Nc2 22. Rb1 Rb8 23. Kd2 Nxb4 24. a3 Nc6 25. Rxb8 Nxb8 26. Kc3 d6
27. exd6+ Kxd6 28. Kc4 f6 29. Nd2 Kc6 30. Kb4 Kd5 31. Nb3 Nc6+ 32. Kc3 g5 33.
f3 h5 34. Kd3 f5 35. g3 e5 36. dxe5 Nxe5+ 37. Ke2 Nc4 38. a4 Nb2 39. a5 Kc4 40.
Nd2+ Kb4 41. g4 hxg4 42. fxg4 fxg4 43. Kf2 Nd3+ 44. Kg3 Ne5 45. Ne4 Kxa5 46.
Nxg5 Kb4 47. Ne4 a5 48. Nd2 a4 49. Nb1 Kb3 50. Kf4 Nc4 51. Kxg4 Kb2 52. h4 Kxb1
53. h5 a3 54. h6 a2 55. h7 a1=Q 0-1

[Event "XXIX Miedzynarodowy Festiwal Szachowy CRACOVIA-2018 Grupa B"]
[Site "Krakow, Hotel Galaxy, ul. Gesia 22a"]
[Date "2018.12.27"]
[Round "1.12"]
[White "Gulie, Cosmin"]
[Black "Bachor, Tomasz"]
[Result "1/2-1/2"]
[WhiteElo "2055"]
[BlackElo "1854"]
[PlyCount "95"]
[EventDate "2018.??.??"]

1. b4 e6 2. Bb2 Nf6 3. b5 a6 4. a4 d5 5. e3 axb5 6. axb5 Rxa1 7. Bxa1 Bd6 8.
Nf3 O-O 9. c4 c6 10. cxd5 exd5 11. bxc6 bxc6 12. Bd3 Ba6 13. Bxa6 Nxa6 14. O-O
Qe7 15. Qa4 Nb4 16. Nc3 Nd7 17. Ne2 Nb6 18. Qb3 c5 19. Ng3 g6 20. d3 c4 21.
dxc4 dxc4 22. Qc3 f6 23. Qd4 Bc5 24. Qg4 f5 25. Qf4 Nd3 26. Qh6 Nd5 27. Nd4 c3
28. Nc2 Ra8 29. Rb1 N3b4 30. Nxb4 Bxb4 31. Nxf5 gxf5 32. Qc6 Ra5 33. Qc8+ Qf8
34. Qe6+ Qf7 35. Qc8+ Kg7 36. g3 Rc5 37. Qb8 Kg6 38. Rxb4 Nxb4 39. Qd6+ Kg5 40.
Qxc5 Qd5 41. Qxc3 Nd3 42. Qg7+ Kh5 43. Bf6 h6 44. h3 Nxf2 45. Kxf2 Qd2+ 46. Kf3
Qd1+ 47. Kf4 Qd4+ 48. exd4 1/2-1/2

[Event "XXIX Miedzynarodowy Festiwal Szachowy CRACOVIA-2018 Grupa B"]
[Site "Krakow, Hotel Galaxy, ul. Gesia 22a"]
[Date "2018.12.27"]
[Round "1.13"]
[White "Bartoszewicz, Marcin"]
[Black "Budnik, Mateusz"]
[Result "1/2-1/2"]
[WhiteElo "1853"]
[BlackElo "2053"]
[PlyCount "121"]
[EventDate "2018.??.??"]

1. e4 e6 2. d4 d5 3. e5 c5 4. c3 Nc6 5. Nf3 Qb6 6. a3 c4 7. g3 Bd7 8. Bh3 Na5
9. Nbd2 h6 10. O-O O-O-O 11. Ne1 Ne7 12. f4 Nf5 13. Ng2 g6 14. g4 Ne7 15. Ne3
h5 16. g5 Kb8 17. Rb1 Rc8 18. Nf3 Nb3 19. Bd2 Qc7 20. Kh1 b5 21. Be1 Ka8 22.
Nd2 Nxd2 23. Bxd2 Nc6 24. Bg2 Na5 25. h4 Nb3 26. Be1 Bc6 27. Rf2 Be7 28. Nf1
Rb8 29. Nd2 Nxd2 30. Bxd2 Rb6 31. Bf3 Rhb8 32. Rh2 Rh8 33. Rf2 a5 34. Rf1 Qb7
35. Qe2 Kb8 36. f5 exf5 37. Bf4 Ka8 38. e6 f6 39. Rg1 fxg5 40. Bxg5 Rd8 41.
Bxe7 Qxe7 42. Rxg6 Qxh4+ 43. Kg1 Qe7 44. Qe5 Rbb8 45. Kf2 Qd6 46. Re1 Qxe5 47.
Rxe5 Rd6 48. Rxf5 h4 49. Rgg5 Rxe6 50. Bxd5 Bxd5 51. Rxd5 Rf6+ 52. Rgf5 Rxf5+
53. Rxf5 Ka7 54. Rh5 Ka6 55. Rxh4 b4 56. axb4 axb4 57. Ke3 Kb5 58. d5 Kc5 59.
Rd4 Re8+ 60. Kf4 bxc3 61. bxc3 1/2-1/2

[Event "XXIX Miedzynarodowy Festiwal Szachowy CRACOVIA-2018 Grupa B"]
[Site "Krakow, Hotel Galaxy, ul. Gesia 22a"]
[Date "2018.12.27"]
[Round "1.14"]
[White "Ilandzis, Spyridon"]
[Black "Koloczek, Maciej"]
[Result "1-0"]
[WhiteElo "2052"]
[BlackElo "1852"]
[PlyCount "83"]
[EventDate "2018.??.??"]

1. b3 Nf6 2. Bb2 g6 3. Bxf6 exf6 4. c4 f5 5. Nc3 Bg7 6. g3 O-O 7. Bg2 d6 8. e3
Nd7 9. Nge2 Re8 10. O-O Nf6 11. d3 Rb8 12. b4 Be6 13. b5 Nd7 14. Rc1 Ne5 15.
Nf4 g5 16. Nh5 f4 17. Nxg7 Kxg7 18. Nd5 fxe3 19. Nxe3 Ng6 20. Qa4 f5 21. Qxa7
f4 22. Nd5 Bxd5 23. cxd5 Qd7 24. Qa5 Rbc8 25. b6 Ne5 26. Rxc7 Rxc7 27. bxc7 f3
28. Bh1 Qh3 29. Qd2 h6 30. Rc1 Ng4 31. Bxf3 Qxh2+ 32. Kf1 Ne3+ 33. Qxe3 Rxe3
34. c8=Q Rxf3 35. Rc7+ Rf7 36. Rxf7+ Kxf7 37. Qe6+ Kg7 38. Qd7+ Kg8 39. Qc8+
Kg7 40. Qxb7+ Kg6 41. Qc6 Qh1+ 42. Ke2 1-0

[Event "XXIX Miedzynarodowy Festiwal Szachowy CRACOVIA-2018 Grupa B"]
[Site "Krakow, Hotel Galaxy, ul. Gesia 22a"]
[Date "2018.12.27"]
[Round "1.15"]
[White "Beraia, Levan"]
[Black "Skomial, Mateusz"]
[Result "1-0"]
[WhiteElo "1851"]
[BlackElo "2050"]
[PlyCount "68"]
[EventDate "2018.??.??"]

1. e4 e5 2. Nf3 Nf6 3. Nc3 Nc6 4. d4 exd4 5. Nxd4 Bb4 6. Nxc6 bxc6 7. Bd3 O-O
8. O-O Re8 9. Qf3 h6 10. Bd2 d6 11. h3 Bb7 12. a3 Bc5 13. Rfe1 Nd7 14. Qg3 Re6
15. Bc4 Rf6 16. Be3 Bxe3 17. Qxe3 Nb6 18. Ba2 Rg6 19. Rad1 Qh4 20. Ne2 Re8 21.
Ng3 Bc8 22. a4 a5 23. Qc3 Bd7 24. Qxa5 Bxh3 25. Qc3 Re5 26. a5 Rc5 27. Qb3 Be6
28. Qa3 Nc8 29. Bxe6 fxe6 30. a6 Na7 31. Rd3 Kh7 32. c4 Rcg5 33. Qb3 Ra5 34.
Qb7 Rc5 1-0

[Event "XXIX Miedzynarodowy Festiwal Szachowy CRACOVIA-2018 Grupa B"]
[Site "Krakow, Hotel Galaxy, ul. Gesia 22a"]
[Date "2018.12.27"]
[Round "1.16"]
[White "Kumor, Lukasz"]
[Black "Wojciechowski, Beniamin"]
[Result "1-0"]
[WhiteElo "2040"]
[BlackElo "1845"]
[PlyCount "63"]
[EventDate "2018.??.??"]

1. e4 e6 2. d4 d5 3. Nc3 dxe4 4. Nxe4 Nd7 5. Nf3 Be7 6. Bd3 Ngf6 7. Qe2 O-O 8.
Bd2 c5 9. dxc5 Nxc5 10. Nxc5 Bxc5 11. O-O-O Qb6 12. Ne5 Bd7 13. Bc3 Be8 14. Nc4
Qc7 15. Bxf6 gxf6 16. Bxh7+ Kh8 17. Qg4 f5 18. Qh4 Qe7 19. Qh6 f6 20. Bxf5+ Kg8
21. Rhe1 Qg7 22. Bxe6+ Bf7 23. Qh3 Rae8 24. f4 Bxe6 25. Rxe6 b5 26. Rd3 Kf7 27.
Qh5+ Qg6 28. Rd7+ Be7 29. Rexe7+ Rxe7 30. Nd6+ Ke6 31. Rxe7+ Kxe7 32. Qxg6 1-0

[Event "XXIX Miedzynarodowy Festiwal Szachowy CRACOVIA-2018 Grupa B"]
[Site "Krakow, Hotel Galaxy, ul. Gesia 22a"]
[Date "2018.12.27"]
[Round "1.17"]
[White "Adamczyk, Zuzanna"]
[Black "Jamroz, Krzysztof"]
[Result "1-0"]
[WhiteElo "1842"]
[BlackElo "2036"]
[PlyCount "47"]
[EventDate "2018.??.??"]

1. e4 c5 2. Nf3 e6 3. d4 cxd4 4. Nxd4 a6 5. c4 Nf6 6. Nc3 d6 7. Be2 Be7 8. O-O
O-O 9. Be3 Nbd7 10. Qd2 Qc7 11. f3 b6 12. Rfc1 Bb7 13. Rab1 Rfd8 14. Bf1 Rab8
15. Nd5 exd5 16. cxd5 Nc5 17. b4 Re8 18. bxc5 bxc5 19. Nf5 Bf8 20. Bd4 Nd7 21.
Bxg7 Ne5 22. Bxf8 Rxf8 23. Qg5+ Ng6 24. Qf6 1-0

[Event "XXIX Miedzynarodowy Festiwal Szachowy CRACOVIA-2018 Grupa B"]
[Site "Krakow, Hotel Galaxy, ul. Gesia 22a"]
[Date "2018.12.27"]
[Round "1.18"]
[White "Nikitin, Aleksander I"]
[Black "Podgorski, Maciej"]
[Result "1-0"]
[WhiteElo "2031"]
[BlackElo "1841"]
[PlyCount "113"]
[EventDate "2018.??.??"]

1. b4 e5 2. Bb2 Qe7 3. a3 Nf6 4. c4 g6 5. e3 Bg7 6. Nc3 O-O 7. Nf3 d6 8. d4 e4
9. Nd2 Bf5 10. Be2 h5 11. h3 h4 12. Qc2 Nbd7 13. Nb3 b6 14. b5 Rfc8 15. Qd2 c5
16. bxc6 Rxc6 17. a4 Rac8 18. Nb5 Ra8 19. Ba3 Ne8 20. O-O a6 21. Nc3 Rac8 22.
Rac1 Qg5 23. Kh1 Nef6 24. Rfd1 Bf8 25. a5 bxa5 26. Na4 Nb6 27. Nxb6 Rxb6 28.
Nxa5 Nd7 29. Rc2 Be6 30. Rdc1 Be7 31. Bb4 Rcb8 32. Bc3 f5 33. d5 Bf7 34. Nc6
Re8 35. Nxe7+ Rxe7 36. Ra2 Nc5 37. Qd4 Re5 38. Qd1 Re8 39. Rca1 f4 40. Qd4 Re5
41. Bg4 Rb7 42. Qd1 Ree7 43. Re2 Be8 44. Bd2 f3 45. gxf3 exf3 46. Bxf3 Bd7 47.
Bg2 Bf5 48. e4 Qf6 49. f3 Bc8 50. Be3 Rbc7 51. Rb1 Nd7 52. Rc2 Ne5 53. c5 Rf7
54. f4 Nd7 55. cxd6 Qxd6 56. e5 Qe7 57. Rxc7 1-0

[Event "XXIX Miedzynarodowy Festiwal Szachowy CRACOVIA-2018 Grupa B"]
[Site "Krakow, Hotel Galaxy, ul. Gesia 22a"]
[Date "2018.12.27"]
[Round "1.19"]
[White "Czechowski, Jakub"]
[Black "Pastuszko, Kinga"]
[Result "1-0"]
[WhiteElo "1840"]
[BlackElo "2029"]
[PlyCount "47"]
[EventDate "2018.??.??"]

1. d4 d5 2. c4 Nc6 3. Nf3 Bg4 4. Nc3 Nf6 5. e3 e5 6. dxe5 Nxe5 7. Be2 Bxf3 8.
Bxf3 Nxc4 9. Nxd5 c6 10. Nxf6+ Qxf6 11. O-O Bd6 12. Be2 Ne5 13. b3 Rd8 14. Qc2
O-O 15. Bb2 Qh6 16. g3 Rfe8 17. Rad1 Re6 18. Ba3 Qh3 19. f4 Ng4 20. Bxg4 Qxg4
21. f5 Rh6 22. f6 Bc7 23. Rxd8+ Bxd8 24. Qc5 1-0

[Event "XXIX Miedzynarodowy Festiwal Szachowy CRACOVIA-2018 Grupa B"]
[Site "Krakow, Hotel Galaxy, ul. Gesia 22a"]
[Date "2018.12.27"]
[Round "1.20"]
[White "Widla, Piotr"]
[Black "Gorkiewicz, Mateusz"]
[Result "1/2-1/2"]
[WhiteElo "2024"]
[BlackElo "1838"]
[PlyCount "84"]
[EventDate "2018.??.??"]

1. e4 e5 2. Nf3 Nf6 3. Nxe5 d6 4. Nf3 Nxe4 5. Nc3 Nxc3 6. dxc3 Be7 7. Be3 Nc6
8. Bd3 Be6 9. Qd2 Qd7 10. O-O-O a6 11. Kb1 O-O-O 12. h3 h6 13. Rhe1 Bf6 14. Qe2
Ne5 15. Nxe5 Bxe5 16. f4 Bf6 17. Qf3 Qa4 18. a3 Rhe8 19. Bd4 Bxd4 20. cxd4 Qa5
21. Qf2 Kb8 22. g4 Bd7 23. Be4 d5 24. Bd3 Re6 25. Rxe6 Bxe6 26. Re1 Rd6 27. Re5
f6 28. Re3 Qa4 29. Re1 Qd7 30. Qe3 Qd8 31. Bg6 Kc8 32. Kc1 Qf8 33. f5 Bf7 34.
Bxf7 Qxf7 35. Qc3 Qd7 36. Re3 Qf7 37. Qe1 Kd7 38. Qb4 Kc8 39. Qa4 Rc6 40. Qb4
Rd6 41. Qc5 Kb8 42. Qb4 Kc8 1/2-1/2

[Event "XXIX Miedzynarodowy Festiwal Szachowy CRACOVIA-2018 Grupa B"]
[Site "Krakow, Hotel Galaxy, ul. Gesia 22a"]
[Date "2018.12.27"]
[Round "1.21"]
[White "Pilch, Anna"]
[Black "Hrymowicz, Artur"]
[Result "0-1"]
[WhiteElo "1838"]
[BlackElo "2024"]
[PlyCount "72"]
[EventDate "2018.??.??"]

1. e4 c5 2. Nf3 d6 3. d4 cxd4 4. Nxd4 Nf6 5. Nc3 a6 6. g3 e6 7. Be3 b5 8. a3
Nbd7 9. Qd2 Nb6 10. O-O-O Nfd7 11. Bg5 Qc7 12. Kb1 Ne5 13. b3 Bb7 14. f4 Ned7
15. Bd3 Qc5 16. Kb2 Qxd4 17. f5 Qc5 18. fxe6 fxe6 19. Rhf1 Rc8 20. Ne2 Nc4+ 21.
Bxc4 bxc4 22. b4 Qe5+ 23. c3 Bxe4 24. Nd4 d5 25. Bf4 Qf6 26. Bg5 Qg6 27. Rf2
Ne5 28. Re2 Nd3+ 29. Ka1 e5 30. Nf3 a5 31. Qe3 axb4 32. Nxe5 Nxe5 33. Rxd5 Bxd5
34. Qxe5+ Be6 35. Rf2 Bc5 36. h4 Bxf2 0-1

[Event "XXIX Miedzynarodowy Festiwal Szachowy CRACOVIA-2018 Grupa B"]
[Site "Krakow, Hotel Galaxy, ul. Gesia 22a"]
[Date "2018.12.27"]
[Round "1.22"]
[White "Barchuk, Irina"]
[Black "Zelak, Wladyslaw"]
[Result "0-1"]
[WhiteElo "2023"]
[BlackElo "1833"]
[PlyCount "86"]
[EventDate "2018.??.??"]

1. e4 c5 2. Nf3 d6 3. d4 cxd4 4. Nxd4 Nf6 5. Nc3 a6 6. Be3 e5 7. Nb3 Be6 8. Qd2
Nbd7 9. O-O-O Be7 10. f4 Ng4 11. g3 Nxe3 12. Qxe3 b5 13. Kb1 b4 14. Nd5 Bxd5
15. exd5 O-O 16. Bd3 a5 17. f5 a4 18. Nd2 Bg5 19. Qe2 Bxd2 20. Qxd2 Nc5 21.
Qxb4 a3 22. b3 e4 23. Bxe4 Qf6 24. c3 Rab8 25. Qd4 Nxe4 26. Qxe4 Qxc3 27. Qc2
Qf6 28. g4 Rfc8 29. Qd2 Rc5 30. Qd4 Qh4 31. Rhe1 Qxh2 32. Rd2 Qh4 33. Rde2 h5
34. Rg1 Rbc8 35. Qf4 Rxd5 36. Qa4 Qg3 37. Re8+ Kh7 38. Rxc8 Qxg1+ 39. Rc1 Rd1
40. Qxa3 h4 41. b4 Rxc1+ 42. Qxc1 Qxc1+ 43. Kxc1 h3 0-1

[Event "XXIX Miedzynarodowy Festiwal Szachowy CRACOVIA-2018 Grupa B"]
[Site "Krakow, Hotel Galaxy, ul. Gesia 22a"]
[Date "2018.12.27"]
[Round "1.23"]
[White "Pasti, Anna"]
[Black "Holzleithner, Johannes"]
[Result "1-0"]
[WhiteElo "1832"]
[BlackElo "2008"]
[PlyCount "39"]
[EventDate "2018.??.??"]

1. e4 e6 2. d4 d5 3. Nc3 Bb4 4. Qg4 Nf6 5. Qxg7 Rg8 6. Qh6 dxe4 7. Nge2 Nc6 8.
Bg5 Rg6 9. Qh4 Nxd4 10. O-O-O e5 11. Nxd4 Bxc3 12. Ne6 Bxe6 13. Rxd8+ Rxd8 14.
bxc3 Bg4 15. Bb5+ c6 16. Bxf6 Rd6 17. Bxe5 Rd5 18. Bc4 Rxe5 19. Qxh7 Rf6 20.
Qg8+ 1-0

[Event "XXIX Miedzynarodowy Festiwal Szachowy CRACOVIA-2018 Grupa B"]
[Site "Krakow, Hotel Galaxy, ul. Gesia 22a"]
[Date "2018.12.27"]
[Round "1.24"]
[White "Wiejaczka, Bartlomiej"]
[Black "Stebel, Agata"]
[Result "1-0"]
[WhiteElo "2006"]
[BlackElo "1830"]
[PlyCount "123"]
[EventDate "2018.??.??"]

1. d4 d5 2. Nf3 Nf6 3. c4 e6 4. Nc3 c5 5. cxd5 exd5 6. g3 Nc6 7. Bg2 Be7 8. O-O
O-O 9. dxc5 Bxc5 10. Na4 Be7 11. Be3 Ne4 12. Rc1 Bf6 13. Nd4 Ne5 14. b3 Re8 15.
h3 Bd7 16. Nc5 Rc8 17. Nxe4 dxe4 18. Kh2 Rxc1 19. Qxc1 Nc6 20. Nb5 Be5 21. Rd1
a6 22. Nd6 Bxd6 23. Rxd6 Qc8 24. Qd2 Bf5 25. g4 Bg6 26. Bf4 f5 27. Rd7 Rd8 28.
Qd5+ Kh8 29. Rxd8+ Qxd8 30. Qxd8+ Nxd8 31. f3 fxg4 32. hxg4 Ne6 33. Be3 Be8 34.
fxe4 Bc6 35. e5 Bxg2 36. Kxg2 Kg8 37. Kf3 Kf7 38. Ke4 Ke7 39. Kd5 Nc7+ 40. Kc5
Ke6 41. Bd2 Na8 42. Bf4 Kd7 43. Kd5 Nb6+ 44. Kc5 Nc8 45. a4 b6+ 46. Kc4 Kc6 47.
e6 h6 48. Kd4 Ne7 49. Ke5 Ng6+ 50. Kf5 Ne7+ 51. Ke4 b5 52. axb5+ axb5 53. Be5
g6 54. Bf6 Nd5 55. Be5 Ne7 56. Bh2 Nd5 57. Ke5 b4 58. e4 Nc3 59. Bf4 h5 60. g5
h4 61. Kf6 Nxe4+ 62. Kxg6 1-0

[Event "XXIX Miedzynarodowy Festiwal Szachowy CRACOVIA-2018 Grupa B"]
[Site "Krakow, Hotel Galaxy, ul. Gesia 22a"]
[Date "2018.12.27"]
[Round "1.25"]
[White "Borowski, Przemyslaw"]
[Black "Marzec, Karol"]
[Result "1/2-1/2"]
[WhiteElo "1817"]
[BlackElo "1996"]
[PlyCount "54"]
[EventDate "2018.??.??"]

1. d4 Nf6 2. c4 g6 3. Nc3 Bg7 4. e4 d6 5. Nf3 O-O 6. h3 e5 7. d5 Nbd7 8. g4 Nc5
9. Qc2 a5 10. Be3 b6 11. Be2 Bd7 12. Nd2 c6 13. g5 Ne8 14. O-O-O Nc7 15. Nb3
cxd5 16. Nxc5 bxc5 17. Nxd5 Nxd5 18. Rxd5 Bc6 19. Rd2 Qc7 20. h4 f5 21. gxf6
Bxf6 22. Bg4 Bd7 23. Bxd7 Qxd7 24. Bxc5 Be7 25. Qd3 Qc6 26. Ba3 Rac8 27. b3 a4
1/2-1/2

[Event "XXIX Miedzynarodowy Festiwal Szachowy CRACOVIA-2018 Grupa B"]
[Site "Krakow, Hotel Galaxy, ul. Gesia 22a"]
[Date "2018.12.27"]
[Round "1.26"]
[White "Kvaratskhelia, Dimitri"]
[Black "Manko, Mariya"]
[Result "1-0"]
[WhiteElo "1996"]
[BlackElo "1814"]
[PlyCount "95"]
[EventDate "2018.??.??"]

1. e4 g6 2. d4 Bg7 3. Nc3 a6 4. g3 b5 5. a3 Bb7 6. Bg2 d6 7. Nge2 e6 8. O-O Nd7
9. Be3 Ne7 10. Qd2 O-O 11. Bh6 Rc8 12. Bxg7 Kxg7 13. f4 c5 14. Rad1 b4 15. Nb1
bxa3 16. Nxa3 c4 17. Nb1 Qb6 18. Nbc3 Ba8 19. h3 Qb7 20. Kh2 Rb8 21. Bh1 Qc7
22. Ra1 Rxb2 23. Rxa6 Nc6 24. Ra4 Rbb8 25. d5 Nb6 26. Rxa8 Nxa8 27. dxc6 Qxc6
28. f5 Qc7 29. f6+ Kh8 30. e5 d5 31. Qg5 Qc5 32. Rf4 Rg8 33. Rh4 Qf2+ 34. Bg2
Qf5 35. Qxf5 gxf5 36. Nd4 Rb2 37. Ncb5 Nb6 38. Nd6 Rf8 39. Nf3 Nc8 40. Ng5 Nxd6
41. Rxh7+ Kg8 42. Rg7+ Kh8 43. exd6 Rb7 44. Nxe6 fxe6 45. Rxb7 Rd8 46. Re7 Kg8
47. Rxe6 Kf7 48. Bxd5 1-0

[Event "XXIX Miedzynarodowy Festiwal Szachowy CRACOVIA-2018 Grupa B"]
[Site "Krakow, Hotel Galaxy, ul. Gesia 22a"]
[Date "2018.12.27"]
[Round "1.27"]
[White "Planeta, Wojciech"]
[Black "Szczecina, Kamil"]
[Result "0-1"]
[WhiteElo "1812"]
[BlackElo "1986"]
[PlyCount "78"]
[EventDate "2018.??.??"]

1. e4 c5 2. Nf3 e6 3. d4 cxd4 4. Nxd4 a6 5. Bd3 Qc7 6. O-O Nf6 7. Kh1 Be7 8.
Nc3 O-O 9. f4 d6 10. Qe2 Nbd7 11. Bd2 g6 12. Rae1 e5 13. Nf3 b5 14. fxe5 dxe5
15. Bh6 Re8 16. Ng5 Bf8 17. Bxf8 Rxf8 18. a3 Bb7 19. Rf2 h6 20. Nh3 Kg7 21.
Ref1 Qb6 22. Rf3 Rac8 23. Qf2 Qxf2 24. Nxf2 Nc5 25. Re3 Rcd8 26. Rd1 Rd4 27. b4
Ne6 28. g3 Rfd8 29. Kg1 Ng5 30. Rde1 h5 31. h4 Ne6 32. Nh3 Ng4 33. R3e2 R4d7
34. Rf1 Nd4 35. Ree1 Rc8 36. Nd5 Bxd5 37. exd5 Rxd5 38. Rc1 Rc3 39. Ng5 f5 0-1

[Event "XXIX Miedzynarodowy Festiwal Szachowy CRACOVIA-2018 Grupa B"]
[Site "Krakow, Hotel Galaxy, ul. Gesia 22a"]
[Date "2018.12.27"]
[Round "1.29"]
[White "Kostecka, Marika"]
[Black "Warchol, Bartosz"]
[Result "0-1"]
[WhiteElo "1808"]
[BlackElo "1975"]
[PlyCount "48"]
[EventDate "2018.??.??"]

1. e4 c5 2. Nf3 d6 3. d4 cxd4 4. Nxd4 Nf6 5. Nc3 a6 6. f3 e5 7. Nb3 Be6 8. Be3
Be7 9. Qd2 O-O 10. O-O-O Nbd7 11. g4 b5 12. Kb1 b4 13. Na4 Qc7 14. Qxb4 Rfc8
15. Bd3 a5 16. Qd2 d5 17. g5 dxe4 18. Bb5 Nd5 19. Bxd7 Bxd7 20. Nb6 Nxb6 21.
Bxb6 Qxb6 22. Qxd7 Bxg5 23. fxe4 a4 24. Rd6 axb3 0-1